Caminos
Guardat en:
| Autors principals: | , , |
|---|---|
| Format: | Llibre |
| Idioma: | espanyol |
| Publicat: |
Madrid
Dossat
1967
|
| Edició: | 5a. ed |
| Matèries: | |
| Etiquetes: |
Afegir etiqueta
Sense etiquetes, Sigues el primer a etiquetar aquest registre!
|
MARC
| LEADER | 00000nam a2200000 a 4500 | ||
|---|---|---|---|
| 001 | UCV5794 | ||
| 003 | CL-VaPUC | ||
| 008 | 910506e19670000SP |||||||||||||||||spa|d | ||
| 082 | 0 | 4 | |a 625.7 |b ESC |2 21 |
| 100 | |a Escario y Núñez del Pino, José Luis |e author |9 300059 | ||
| 700 | 0 | |a Escario Ubarri, Ventura |e author |9 300060 | |
| 700 | 0 | |a Balaguer Camphius, Enrique |e author |9 300061 | |
| 245 | 1 | 0 | |a Caminos |
| 250 | |a 5a. ed | ||
| 300 | |a v | ||
| 942 | |c BK | ||
| 945 | |d 19910506 00:00:00 |a mfernand | ||
| 260 | |a Madrid |b Dossat |c 1967 | ||
| 650 | 7 | |a CAMINOS |2 CL-VaPUC |9 260131 | |
| 583 | |a last modification |c 19910506 00:00:00 |k Rodrigo Vera | ||
| 999 | |c 212164 |d 212162 | ||
| 952 | |0 0 |1 0 |4 0 |6 625_700000000000000_ESC_1967 |7 0 |8 A |9 192714 |a BIBING |b BIBING |d 2019-11-14 |h v.1 |i 2602067 |o 625.7 ESC 1967 |p 2602067 |r 2025-01-20 |w 2019-11-14 |y BK |k CCL | ||
| 952 | |0 0 |1 0 |4 0 |6 625_700000000000000_ESC_1967 |7 0 |8 A |9 192715 |a BIBING |b BIBING |d 2019-11-14 |h v.1 |i 1682520 |o 625.7 ESC 1967 |p 1682520 |r 2025-01-20 |w 2019-11-14 |y BK |k TRA | ||
| 952 | |0 0 |1 0 |4 0 |6 625_700000000000000_ESC_1967 |7 0 |8 A |9 192718 |a BIBING |b BIBING |d 2019-11-14 |h v.2 |i 1682555 |o 625.7 ESC 1967 |p 1682555 |r 2025-01-20 |w 2019-11-14 |y BK |k TRA | ||
| 952 | |0 0 |1 0 |4 0 |6 625_700000000000000_ESC_1967 |7 0 |8 A |9 192719 |a BIBING |b BIBING |d 2019-11-14 |h v.2 |i 1682679 |o 625.7 ESC 1967 |p 1682679 |r 2025-01-20 |w 2019-11-14 |y BK |k TRA | ||